[Event "GRE-ch U18 Girls"]
[Site "Nikaia"]
[Date "2012.01.04"]
[Round "3"]
[White "Andrianatou, Xanthoula"]
[Black "Louka, Magdalini"]
[Result "0-1"]
[WhiteElo "1005"]
[BlackElo "1010"]
[PlyCount "82"]
[EventDate "2012.01.03"]
[EventType "swiss"]
[EventRounds "9"]
[EventCountry "GRE"]
[SourceTitle "CBM 146 Extra"]
[Source "ChessBase"]
[SourceDate "2012.02.29"]
[SourceVersion "1"]
[SourceVersionDate "2012.02.29"]
[SourceQuality "1"]

1. e4 e5 2. Nf3 Nc6 3. Nc3 Nf6 4. Bb5 Bc5 5. 0-0 0-0 6. Bxc6 dxc6 7. Nxe5 Re8 8. Nf3 Nxe4 9. Nxe4 Rxe4 10. Re1 Re8 11. b3 Bg4 12. Bb2 Rxe1+ 13. Qxe1 Bxf3 14. gxf3 Qg5+ 15. Kh1 Bd6 16. Qg1 Qh6 17. Qg2 g6 18. d3 Re8 19. Bd4 Qd2 20. Be3 Qxc2 21. Bh6 Qxd3 22. Rc1 Qf5 23. Be3 Bf4 24. Bxf4 Qxf4 25. Rd1 Re2 26. a4 Rb2 27. b4 Rxb4 28. a5 Ra4 29. a6 Rxa6 30. Rd8+ Kg7 31. Rd1 Ra2 32. Qf1 Qxf3+ 33. Kg1 Ra4 34. h3 Rh4 35. Kh2 g5 36. Rd3 Qf5 37. Rg3 g4 38. Qg2 Kf8 39. Rxg4 Qxg4 40. Qxg4 Rxg4 41. hxg4 a5 0-1

[Event "GRE-ch U18 Girls"]
[Site "Nikaia"]
[Date "2012.01.03"]
[Round "1"]
[White "Andrianatou, Xanthoula"]
[Black "Asvestopoulou, Evdokia"]
[Result "0-1"]
[WhiteElo "1005"]
[BlackElo "1591"]
[PlyCount "62"]
[EventDate "2012.01.03"]
[EventType "swiss"]
[EventRounds "9"]
[EventCountry "GRE"]
[SourceTitle "CBM 146 Extra"]
[Source "ChessBase"]
[SourceDate "2012.02.29"]
[SourceVersion "1"]
[SourceVersionDate "2012.02.29"]
[SourceQuality "1"]

1. e4 c5 2. Nc3 a6 3. Nf3 b5 4. a3 Bb7 5. b4 e6 6. Be2 cxb4 7. axb4 Bxb4 8. 0-0 Ne7 9. Bb2 0-0 10. d3 Qc7 11. Qd2 Nbc6 12. Qe3 Ng6 13. d4 Rac8 14. Bd3 Nce7 15. Na2 Ba5 16. e5 Nd5 17. Qe2 Ngf4 18. Qd1 Nxd3 19. Qxd3 Qxc2 20. Qxc2 Rxc2 21. Ba3 b4 22. Rfc1 Rxc1+ 23. Bxc1 b3 24. Ba3 Rc8 25. Nc1 Bc3 26. Rb1 b2 27. Nd3 Nb4 28. Nxb4 Bxb4 29. Bxb4 Rc1+ 30. Rxc1 bxc1Q+ 31. Ne1 Qxe1+ 0-1